| 000 | 00574 a2200205 4500 | ||
|---|---|---|---|
| 005 | 20260220111525.0 | ||
| 008 | 260220b |||||||| |||| 00| 0 eng d | ||
| 020 |
_a9788198494702 _cRs. 1500.00 |
||
| 040 | _aMAIN | ||
| 082 |
_a339.47 _bM317B |
||
| 100 | _aManoj Kumar | ||
| 245 | _aBehavioral economics of sustainable consumption | ||
| 260 |
_bDelta Book World _c2025 _aNew Delhi |
||
| 300 | _axv, 200 | ||
| 650 | _aConsumer Behavior | ||
| 650 | _aSustainable Development | ||
| 650 | _aEnvironmental Responsibility | ||
| 650 | _aBehavioral Economics | ||
| 942 | _cBK | ||
| 999 |
_c395949 _d395949 |
||